<?xml version="1.0" encoding="UTF-8"?><?xml-stylesheet type="text/xsl" href="static/style.xsl"?><OAI-PMH xmlns="http://www.openarchives.org/OAI/2.0/" xmlns:xsi="http://www.w3.org/2001/XMLSchema-instance" xsi:schemaLocation="http://www.openarchives.org/OAI/2.0/ http://www.openarchives.org/OAI/2.0/OAI-PMH.xsd"><responseDate>2026-06-30T01:24:23Z</responseDate><request verb="GetRecord" identifier="oai:docta.ucm.es:20.500.14352/94915" metadataPrefix="marc">https://docta.ucm.es/rest/oai/request</request><GetRecord><record><header><identifier>oai:docta.ucm.es:20.500.14352/94915</identifier><datestamp>2025-03-18T13:22:44Z</datestamp><setSpec>com_20.500.14352_14</setSpec><setSpec>col_20.500.14352_15</setSpec></header><metadata><record xmlns="http://www.loc.gov/MARC21/slim" xmlns:dcterms="http://purl.org/dc/terms/" xmlns:xsi="http://www.w3.org/2001/XMLSchema-instance" xmlns:doc="http://www.lyncode.com/xoai" xsi:schemaLocation="http://www.loc.gov/MARC21/slim http://www.loc.gov/standards/marcxml/schema/MARC21slim.xsd">
   <leader>00925njm 22002777a 4500</leader>
   <datafield ind2=" " ind1=" " tag="042">
      <subfield code="a">dc</subfield>
   </datafield>
   <datafield ind2=" " ind1=" " tag="720">
      <subfield code="a">Fernández Hoya, Gema</subfield>
      <subfield code="e">author</subfield>
   </datafield>
   <datafield ind2=" " ind1=" " tag="720">
      <subfield code="a">Fernández-Hoya, Alberto</subfield>
      <subfield code="e">author</subfield>
   </datafield>
   <datafield ind2=" " ind1=" " tag="260">
      <subfield code="c">2021</subfield>
   </datafield>
   <datafield ind2=" " ind1=" " tag="520">
      <subfield code="a">El presente artículo estudia la prensa propagandística de Falange dirigida a los combatientes, analizando en profundidad el semanario La Ametralladora, con el objetivo de esclarecer la repercusión de la obra periodística y gráfica de la “Otra Generación del 27”, vinculada a la vanguardia del humor. Se aplica una metodología integrada y multifuncional a partir de la sistematización de la evidencia cuantitativa y la reflexión cualitativa. Los resultados determinan la presencia significativa de estos autores en la prensa falangista “de trincheras” con contenidos culturales despolitizados, que incumplen la línea editorial dictada, desarticulan el propósito de estos espacios, y ponen de manifiesto su independencia de criterio en tiempos de conflicto.</subfield>
   </datafield>
   <datafield ind2=" " ind1=" " tag="520">
      <subfield code="a">This article studies the Falange propaganda press aimed at the combatants, analyzing in depth the weekly La Ametralladora, with the aim of clarifying the impact of the journalistic and graphic work of the other generation of ’27, linked to the avant-garde of comedy. An integrated and multimodal methodology is applied from the systematization of quantitative evidence. The results determine the significant presence of these authors in the Falangist “trenches” press with depoliticidez cultural content, thus failing to comply with the dictated editorial line, disarticulating the purpose of these  spaces and highlighting their independece of opinion in times of conflict</subfield>
   </datafield>
   <datafield ind1="8" ind2=" " tag="024">
      <subfield code="a">Fernández-Hoya, G.; Fernández-Hoya, A. (2021). Disidencias y trazos de neutralidad en la prensa propagandística de trincheras de Falange: La “otra generación del 27” en el semanario La Ametralladora. Historia y comunicación social 26(2), 553-566.</subfield>
   </datafield>
   <datafield ind1="8" ind2=" " tag="024">
      <subfield code="a">1137-0734</subfield>
   </datafield>
   <datafield ind1="8" ind2=" " tag="024">
      <subfield code="a">10.5209/hics.69577</subfield>
   </datafield>
   <datafield ind1="8" ind2=" " tag="024">
      <subfield code="a">https://hdl.handle.net/20.500.14352/94915</subfield>
   </datafield>
   <datafield ind1="8" ind2=" " tag="024">
      <subfield code="a">1988-3056</subfield>
   </datafield>
   <datafield ind1="8" ind2=" " tag="024">
      <subfield code="a">https://doi.org/10.5209/hics.69577</subfield>
   </datafield>
   <datafield ind1="8" ind2=" " tag="024">
      <subfield code="a">https://www.scimagojr.com/journalsearch.php?q=5600155275&amp;tip=sid&amp;exact=no</subfield>
   </datafield>
   <datafield ind2="0" ind1="0" tag="245">
      <subfield code="a">Disidencias y trazos de neutralidad en la prensa propagandística de trincheras de Falange: la “otra generación del 27” en el semanario La Ametralladora</subfield>
   </datafield>
</record></metadata></record></GetRecord></OAI-PMH>